000 00602cam a22002053a 4500
001 42386
003 PGUSA
005 20140828083947.0
008 130322s2013||||xxu|||||s|||||000 | eng d
040 _aPGUSA
_beng
042 _adc
100 1 _aMaxwell, Herbert
_cSir
245 1 0 _aSixty Years a Queen :
_bThe Story of Her Majesty's Reign
_h[electronic resource] /
_cHerbert Maxwell
260 _bProject Gutenberg,
_c2013
506 _aPublic domain in the USA.
516 _aElectronic text
830 0 _aProject Gutenberg
_v42386
856 4 0 _uhttp://www.gutenberg.org/ebooks/42386
942 _cEB
999 _c271638
_d271638